Entry Término temático
001 - NÚMERO DE CONTROL
- campo de control: 8324
003 - IDENTIFICADOR DEL NÚMERO DE CONTROL
- campo de control: BNPHU
005 - FECHA Y HORA DE LA ÚLTIMA TRANSACCIÓN
- campo de control: 20240523102302.0
008 - DATOS DE LONGITUD FIJA
- campo de control de longitud fija: 200615|| aca||aabn | a|a d
010 ## - NÚMERO DE CONTROL DE LA BIBLIOTECA DEL CONGRESO
- Número de control de LC: sh 85043129
040 ## - FUENTE DE LA CATALOGACIÓN
- Centro catalogador/agencia de origen: DO-SdBNP
- Lengua de catalogación: spa
- Centro/agencia transcriptor: BNPHU
- Normas de descripción: rda
150 ## - ENCABEZAMIENTO--TÉRMINO DE MATERIA
- Término de materia o nombre geográfico como elemento de entrada: Consumo de energía eléctrica
360 ## - REFERENCIA COMPLEJA DE VÉASE ADEMÁS-MATERIA
- Texto explicativo: la subdivisión
- Encabezamiento referido a: Consumo de energía
- Texto explicativo: bajo servicios militares, tipos de industrias y encabezamientos temáticos, por ejemplo
- Encabezamiento referido a: Agricultura--Consumo de energía; Industria de la construcción --Consumo de energía; Viviendas--Consumo de energía;
- Texto explicativo: y la subdivisión |a Consumo de combustible |i bajo tipos de maquinaria, vehículos, etc., por ejemplo
- Encabezamiento referido a: Maquinaria agrícola--Consumo de combustible; Automóviles--Consumo de combustible
450 0# - TRAZADO DE VÉASE--TÉRMINO DE MATERIA
- Término de materia o nombre geográfico como elemento de entrada: Electric power consumption
450 ## - TRAZADO DE VÉASE--TÉRMINO DE MATERIA
- Término de materia o nombre geográfico como elemento de entrada: Energía eléctrica
- Subdivisión general: Consumo
450 ## - TRAZADO DE VÉASE--TÉRMINO DE MATERIA
- Término de materia o nombre geográfico como elemento de entrada: Eficiencia de combustibles
450 ## - TRAZADO DE VÉASE--TÉRMINO DE MATERIA
- Término de materia o nombre geográfico como elemento de entrada: Eficiencia de energía
450 ## - TRAZADO DE VÉASE--TÉRMINO DE MATERIA
- Término de materia o nombre geográfico como elemento de entrada: Energía
- Subdivisión general: Consumo
550 ## - TRAZADO VÉASE ADEMÁS--TÉRMINO DE MATERIA
- Término de materia o nombre geográfico como elemento de entrada: Recursos energéticos
- Subcampo de control: g
550 ## - TRAZADO VÉASE ADEMÁS--TÉRMINO DE MATERIA
- Término de materia o nombre geográfico como elemento de entrada: Conservación de la energía
550 ## - TRAZADO VÉASE ADEMÁS--TÉRMINO DE MATERIA
- Término de materia o nombre geográfico como elemento de entrada: Consumo de energía eléctrica
- Subcampo de control: h
670 ## - FUENTE DE DATOS ENCONTRADOS
- Cita de la fuente: Work cat.: (OSt)2474: Montero, Ramón E. 8320, Guía para la defensa de los consumidores de energía eléctrica /, 2002.
670 ## - FUENTE DE DATOS ENCONTRADOS
- Identificador Uniforme del Recurso: https://librunam.dgb.unam.mx:8443/F/DYI4QA8BFF3L9J1JA5NB89M6XLHXKVHJ3NF26CUJHSVKJQK3JS-06328?func=full-set-set&set_number=003078&set_entry=000004&format=001 Consultado en 22 de Mayo, 2024
670 ## - FUENTE DE DATOS ENCONTRADOS
- Identificador Uniforme del Recurso: https://authorities.loc.gov/cgi-bin/Pwebrecon.cgi?AuthRecID=4695009&v1=1&HC=5&SEQ=20240523102024&PID=SqFlpp0_o8ZLDWqF-00FTnnR5TMR Consultado en 22 de Mayo, 2024
